[Event "ARG-ch"]
[Site "Buenos Aires"]
[Date "1975.??.??"]
[Round "15"]
[White "Emma, Jaime"]
[Black "Najdorf, Miguel"]
[Result "1/2-1/2"]
[WhiteElo "2405"]
[BlackElo "2510"]

1.e4 c5 2.Nf3 d6 3.Bb5+ Nd7 4.d4 Nf6 5.Nc3 a6 6.Bxd7+ Nxd7 7.O-O e6 8.Bg5 f6
9.Be3 Be7 10.a4 O-O 11.Qe2 Qc7 12.d5 e5 13.Nd2 b6 14.f4 exf4 15.Bxf4 Ne5
16.Bxe5 fxe5 17.Rxf8+ Bxf8 18.Rf1 g6 19.Nc4 Bb7 20.Qf3 Bg7 21.Qh3 Re8 22.Qg3 Bc8
23.h4 Rf8 24.Rxf8+ Bxf8 25.h5 Kg7 26.hxg6 hxg6 27.Ne3 Qd8 28.b3 Bd7 29.Ncd1 b5
30.axb5 axb5 31.Nf2 Qf6 32.Nh3 Be7 33.c4 Qh4 34.Qxh4 Bxh4 35.cxb5 Bxb5 36.Nc4 Be7
37.Kf2 Kh6 38.Kf3 Kg7 39.Nf2 Kf7 40.Nd1 Ke8 41.Nc3 Ba6 42.Na4 Kd8 43.Nc3 Kc7  1/2-1/2

[Event "URS-ch otbor"]
[Site "Cheliabinsk"]
[Date "1975.??.??"]
[Round "?"]
[White "Lopukhin, A."]
[Black "Machulsky, Anatoly D"]
[Result "1/2-1/2"]
[WhiteElo "2200"]
[BlackElo "2390"]

1.e4 c5 2.Nf3 d6 3.Bb5+ Bd7 4.Bxd7+ Qxd7 5.c4 e5 6.Nc3 g6 7.d3 Bg7 8.Nd5 Ne7
9.O-O O-O 10.Rb1 f5 11.a3 h6 12.b4 Nxd5 13.cxd5 cxb4 14.axb4 fxe4 15.dxe4 Na6
16.Be3 Nc7 17.Qd3 Nb5 18.Rfc1 Rac8 19.h3 a6 20.Nd2 Kh7 21.Nc4 Qe7 22.Nb6 Rce8
23.Rb2 Qh4 24.f3 Rf7 25.Rbc2 Ref8 26.Bf2 Qg5 27.Qd2 Qxd2 28.Rxd2 h5 29.Rd3 Bh6
30.Rc2 Rg8 31.Kf1 Rgg7 32.Nc4 Rc7 33.Bb6 Rc8 34.Na3 Rxc2 35.Nxc2 Bc1 36.Rd1 Bf4
37.Ra1 Rg8 38.Na3 Nxa3 39.Rxa3 Rc8 40.Ra2 Rc1+ 41.Ke2 Kh6 42.Kd3 Kg7 43.b5 axb5
44.Rb2 b4 45.Rxb4 Rd1+ 46.Ke2 Rd2+ 47.Kf1 Rd1+ 48.Ke2 Rd2+ 49.Kf1 Rd1+ 50.Ke2  1/2-1/2

[Event "URS-ch otbor"]
[Site "Cheliabinsk"]
[Date "1975.??.??"]
[Round "?"]
[White "Kosikov, Alexey I"]
[Black "Zaid, Leonid D"]
[Result "0-1"]
[WhiteElo "2200"]
[BlackElo "2200"]

1.e4 c5 2.Nf3 d6 3.Bb5+ Bd7 4.Bxd7+ Nxd7 5.c4 Ngf6 6.Nc3 Ne5 7.O-O e6 8.Ne1 Be7
9.d4 cxd4 10.Qxd4 O-O 11.Bf4 Rc8 12.b3 Nxc4 13.bxc4 e5 14.Qxa7 exf4 15.Qxb7 Rxc4
16.Nd5 Re8 17.Nd3 Nxe4 18.N3xf4 Bg5 19.Rac1 Nc5 20.Qc6 Rxf4 21.Nxf4 Bxf4
22.Rcd1 Ne6 23.Rd3 Be5 24.Re1 Qa8 25.Qb5 Rb8 26.Ra3 Qxg2+ 27.Kxg2 Rxb5 28.Ra8+ Nf8
29.Re2 g5 30.a4 Rb1 31.Ra2 Kg7 32.f4 Bxf4 33.a5 Ng6 34.a6 Nh4+ 35.Kf2 Bxh2
36.a7 Bg1+ 37.Kg3 Rb3+  0-1

[Event "URS-ch otbor"]
[Site "Cheliabinsk"]
[Date "1975.??.??"]
[Round "?"]
[White "Lopukhin, A."]
[Black "Zilberstein, Valery I"]
[Result "0-1"]
[WhiteElo "2200"]
[BlackElo "2470"]

1.e4 c5 2.Nf3 d6 3.Bb5+ Bd7 4.Bxd7+ Qxd7 5.c4 e5 6.Nc3 Nc6 7.d3 g6 8.Nd5 Bg7
9.O-O Nge7 10.Bg5 Nxd5 11.cxd5 Nb4 12.a3 Na6 13.Nd2 O-O 14.a4 f5 15.f3 f4
16.Bh4 Bf6 17.Be1 Rad8 18.Nc4 Qe7 19.Rb1 Bh4 20.g3 Bg5 21.b4 cxb4 22.Bxb4 Nxb4
23.Rxb4 Rf7 24.Kg2 Rd7 25.a5 h5 26.g4 Rh7 27.a6 b6 28.Na3 Qf8 29.h3 hxg4
30.fxg4 Qc8 31.Ra4 Rc7 32.Rf2 Rc1 33.Rc4 Qxc4  0-1

[Event "SVK-ch"]
[Site "Hlohovec"]
[Date "1975.??.??"]
[Round "1"]
[White "Sturc, Jan"]
[Black "Petrik, Stanislav"]
[Result "1/2-1/2"]
[WhiteElo "2200"]
[BlackElo "2200"]

1.e4 c5 2.Nf3 d6 3.Bb5+ Bd7 4.Bxd7+ Qxd7 5.O-O e6 6.Re1 Nf6 7.c3 Be7 8.d4 cxd4
9.cxd4 O-O 10.Nc3 Rd8 11.d5 e5 12.h3 Na6 13.Be3 Rdc8 14.Nd2 Nc5 15.Qe2 Na4
16.Nxa4 Qxa4 17.Qd3 Qc2 18.Qb5 b6 19.Rab1 Rc7 20.f3 Nh5 21.Nb3 Qc4 22.Qxc4 Rxc4
23.Rbc1 Rac8 24.Rxc4 Rxc4 25.Rc1 Rxc1+ 26.Nxc1 f5 27.g4 fxg4 28.hxg4 Nf6
29.Kf2  1/2-1/2

[Event "SVK-ch"]
[Site "Hlohovec"]
[Date "1975.??.??"]
[Round "1"]
[White "Polacek, Jozef"]
[Black "Pecner, Dusan"]
[Result "0-1"]
[WhiteElo "2200"]
[BlackElo "2200"]

1.e4 c5 2.Nf3 d6 3.Bb5+ Nc6 4.d4 cxd4 5.Nxd4 Bd7 6.c4 Nf6 7.Nc3 g6 8.f3 Bg7
9.Be3 O-O 10.Bxc6 bxc6 11.Qd2 Rb8 12.O-O e5 13.Nde2 Be6 14.b3 Qc7 15.Rac1 Rfd8
16.Rfd1 Qb7 17.Na4 Rd7 18.Rc3 Ne8 19.Rd3 Rbd8 20.Nec3 Nc7 21.Qf2 Na6 22.Nd5 f5
23.Ndc3 Nb4 24.R3d2 f4 25.Bxa7 Qxa7 26.Qxa7 Rxa7 27.a3 Na6 28.Rxd6 Rxd6 29.Rxd6 Bd7
30.b4 Bf8 31.Rd1 Be6 32.b5 cxb5 33.cxb5 Nc5 34.Rd8 Nxa4 35.Nxa4 Rxa4 36.b6 Rd4
37.Ra8 Rd1+ 38.Kf2 Rb1  0-1

[Event "SVK-ch"]
[Site "Hlohovec"]
[Date "1975.??.??"]
[Round "13"]
[White "Franzen, Josef"]
[Black "Demeter, Peter"]
[Result "1-0"]
[WhiteElo "2290"]
[BlackElo "2200"]

1.e4 c5 2.Nf3 d6 3.Bb5+ Bd7 4.Bxd7+ Nxd7 5.c4 g6 6.O-O Bg7 7.Nc3 Ngf6 8.d4 cxd4
9.Nxd4 O-O 10.Be3 Ne5 11.b3 a6 12.f3 Qa5 13.Qd2 Rfc8 14.Rac1 Rab8 15.Rc2 Qb4
16.Rfc1 Rxc4 17.bxc4 Nxc4 18.Nd5 Qxd2 19.Bxd2 Nxd2 20.Rc8+ Rxc8 21.Rxc8+ Bf8
22.Nxf6+ exf6 23.a4 f5 24.exf5 gxf5 25.Nxf5 d5 26.Rd8 Nb3 27.Rxd5 Bc5+ 28.Kf1 h5
29.Nd6 b6 30.Ne4 Be7 31.Rxh5  1-0

[Event "HUN-ch"]
[Site "?"]
[Date "1975.??.??"]
[Round "?"]
[White "Tompa, Janos"]
[Black "Sax, Gyula"]
[Result "1/2-1/2"]
[WhiteElo "2415"]
[BlackElo "2510"]

1.e4 c5 2.Nf3 d6 3.Bb5+ Bd7 4.Bxd7+ Nxd7 5.d4 cxd4 6.Nxd4 Ngf6 7.Nc3 g6 8.O-O Bg7
9.Bg5 O-O 10.Re1 Rc8 11.Qd2 Re8 12.Rad1 Rc4 13.b3 Rc8 14.Na4 Nc5 15.Nxc5 dxc5
16.Nf3  1/2-1/2

[Event "Las Palmas"]
[Site "Las Palmas"]
[Date "1975.??.??"]
[Round "8"]
[White "Debarnot, Roberto"]
[Black "Cardoso, Radolfo Tan"]
[Result "1/2-1/2"]
[WhiteElo "2380"]
[BlackElo "2410"]

1.e4 c5 2.Nf3 d6 3.Bb5+ Nc6 4.O-O Bd7 5.Re1 a6 6.Bxc6 bxc6 7.b3 e5 8.c3 Ne7
9.d4 cxd4 10.cxd4 Ng6 11.Nbd2 Qc7 12.Ba3 Rd8 13.Qe2 Bc8 14.Rac1 Bb7 15.Nc4 Be7
16.Bb4 Qb8 17.Ba5 Rc8 18.dxe5 dxe5 19.Red1 c5 20.Nb6 Rd8 21.Rxd8+ Bxd8 22.Rxc5 Bxb6
23.Bxb6 Qd6 24.Ba7 O-O 25.Rc1 Nf4 26.Qe3 Qg6 27.g3 Nh3+ 28.Kf1 f6 29.Nd2 f5
30.Rc7 Bxe4 31.Nxe4 fxe4 32.Qd2 Qe6 33.Be3 h6 34.Qd7 Qxd7 35.Rxd7 Nxf2 36.Bc5 Rf6
37.Ke2 Nd3 38.Be3 Rc6 39.Kd2 Kf8 40.Rb7 Kg8 41.Rb6 Rxb6 42.Bxb6 Nb4 43.Bc7 e3+
44.Ke2 Nxa2 45.Bxe5 Nc1+ 46.Kxe3 Nxb3 47.Bd6 Na5 48.Ke4 Nb7 49.Ba3 Kf7 50.g4 Ke6
51.Bf8 Nd6+ 52.Kd4 Ne8 53.Bb4 Nf6 54.h3 Nh7 55.h4 Kf7 56.Bd2 Nf8 57.Kc5 Nd7+
58.Kd4 Ke6 59.Bf4 a5 60.h5 Kf6 61.Kd5 a4 62.Bc1 Nf8 63.Bb2+ Kf7 64.Kc4 Nd7
65.Kb4 Nf6 66.g5 hxg5 67.Kxa4 g4 68.Kb3 g3 69.Kc2 g2 70.Bd4 Nxh5 71.Kd2 Nf4  1/2-1/2

[Event "Lone Pine"]
[Site "Lone Pine"]
[Date "1975.??.??"]
[Round "2"]
[White "Weinstein, Norman"]
[Black "Quinteros, Miguel A"]
[Result "1/2-1/2"]
[WhiteElo "2465"]
[BlackElo "2505"]

1.e4 c5 2.Nf3 d6 3.Bb5+ Bd7 4.Bxd7+ Qxd7 5.O-O Nc6 6.c4 e6 7.d4 cxd4 8.Nxd4 Nf6
9.Nc3 Be7 10.Be3 O-O 11.Qe2 b6 12.Rfd1 Qb7 13.f3 Rfc8 14.Rac1 a6 15.b3 Rab8
16.Nxc6 Rxc6 17.a4 Nd7 18.Bd4 Rbc8 19.Kh1 Nc5 20.Rb1 Nd7 21.Qf2 Bf6 22.Bxf6 Nxf6
23.Rd2 Ne8 24.Rbd1 Rc5 25.Qh4  1/2-1/2

[Event "Lone Pine"]
[Site "Lone Pine"]
[Date "1975.??.??"]
[Round "10"]
[White "Csom, Istvan"]
[Black "Commons, Kim S"]
[Result "1/2-1/2"]
[WhiteElo "2530"]
[BlackElo "2415"]

1.e4 c5 2.Nf3 d6 3.Bb5+ Bd7 4.Qe2 Bxb5 5.Qxb5+ Qd7 6.Qxd7+ Nxd7 7.c4 Ne5
8.Nxe5 dxe5 9.d3 e6 10.Nc3 Ne7 11.Be3 Nc6 12.a3 Be7 13.Ke2 O-O 14.Rab1 Rfd8
15.Na2 a6 16.Rhc1  1/2-1/2

[Event "Manila"]
[Site "Manila"]
[Date "1975.??.??"]
[Round "1"]
[White "Karaklajic, Nikola"]
[Black "Ljubojevic, Ljubomir"]
[Result "1/2-1/2"]
[WhiteElo "2445"]
[BlackElo "2615"]

1.e4 c5 2.Nf3 d6 3.Bb5+ Nd7 4.d4 Nf6 5.Nc3 a6 6.Bxd7+ Nxd7 7.O-O e6 8.dxc5 Nxc5
9.Bg5 Qc7 10.Re1 f6 11.Bh4 b5 12.a3 Rb8 13.Qd2 Be7 14.Nd4 O-O 15.b4 Na4 16.Nxa4 bxa4  1/2-1/2

[Event "FRG-ch International"]
[Site "Mannheim"]
[Date "1975.??.??"]
[Round "3"]
[White "Westerinen, Heikki MJ"]
[Black "Sosonko, Gennadi"]
[Result "0-1"]
[WhiteElo "2475"]
[BlackElo "2470"]

1.e4 c5 2.Nf3 d6 3.Bb5+ Bd7 4.Bxd7+ Qxd7 5.c4 Nc6 6.O-O g6 7.d4 cxd4 8.Nxd4 Bg7
9.Be3 Nf6 10.f3 O-O 11.Nc3 Rfc8 12.b3 Qc7 13.Rc1 Qa5 14.Nde2 a6 15.a4 Qd8
16.Qd2 Nd7 17.Nd5 Nc5 18.Rb1 Rab8 19.a5 Nd7 20.Rfd1 Bf8 21.Ra1 e6 22.Nb6 Nxb6
23.Bxb6 Qh4 24.f4 Qe7 25.Rf1 Re8 26.Rad1 Rbc8 27.Rf3 Nb8 28.Kh1 Nc6 29.Rd3 Nb8
30.Nc3 Nc6 31.c5 dxc5 32.e5 Bh6 33.Ne4 Nxe5 34.Rh3 Ng4 35.Nd6 Rcd8 36.Bxd8 Rxd8
37.Rg3 Qh4 38.Rxg4 Qxg4 39.g3 Bf8  0-1

[Event "FRG-ch International"]
[Site "Mannheim"]
[Date "1975.??.??"]
[Round "5"]
[White "Mednis, Edmar John"]
[Black "Minic, Dragoljub"]
[Result "1-0"]
[WhiteElo "2455"]
[BlackElo "2475"]

1.e4 c5 2.Nf3 d6 3.Bb5+ Bd7 4.Bxd7+ Qxd7 5.c4 Nc6 6.Nc3 Ne5 7.d3 Nxf3+ 8.Qxf3 g6
9.O-O Bg7 10.Qe2 Nf6 11.f4 O-O 12.Bd2 Ne8 13.f5 Nc7 14.Bg5 a6 15.Rf3 Bd4+
16.Be3 f6 17.fxg6 hxg6 18.Bxd4 cxd4 19.Nd5 Rae8 20.Rg3 Kf7 21.Rf1 Nxd5 22.exd5 e5
23.dxe6+ Qxe6 24.Qf2 d5 25.Qxd4 dxc4 26.dxc4 Rd8 27.Qf2 f5 28.b3 Rfe8 29.Rh3 Qe4
30.Qg3 Rd2 31.Qg5 Qd4+ 32.Kh1 Kg7 33.Qh6+ Kf7 34.Qg5 Kg7 35.Qh6+ Kf7 36.Rg3 Re6
37.Rxf5+ gxf5 38.Qh7+  1-0

[Event "Pinamar tt"]
[Site "Pinamar"]
[Date "1975.??.??"]
[Round "1"]
[White "Emma, Jaime"]
[Black "Panno, Oscar"]
[Result "0-1"]
[WhiteElo "2405"]
[BlackElo "2545"]

1.e4 c5 2.Nf3 d6 3.Bb5+ Nd7 4.d4 Nf6 5.Nc3 a6 6.Bxd7+ Nxd7 7.Bg5 h6 8.Bh4 g5
9.Bg3 Bg7 10.h3 cxd4 11.Nxd4 Qb6 12.Nb3 Qc6 13.O-O Bxc3 14.bxc3 Qxc3 15.Re1 Ne5
16.Re3 Qc4 17.Qd2 f6 18.f4 gxf4 19.Bxf4 h5 20.Rae1 Bd7 21.Rc3 Qa4 22.Bxe5 fxe5
23.Qg5 Rc8 24.Qg6+ Kd8 25.Rxc8+ Bxc8 26.Rd1 Qe8 27.Qg5 Kc7 28.c4 Rg8 29.Qe3 Qg6
30.Rd2 Qg3 31.Qxg3 Rxg3 32.c5 Re3 33.cxd6+ exd6 34.Rc2+ Kd8 35.Rd2 Ke7 36.Rc2 Bd7
37.Rc7 Rxe4 38.Rxb7 Ra4 39.Nc1 Ke6 40.Rb6 Bb5 41.Kf2 Rc4 42.Nb3 Rc2+ 43.Kf3 Bc6+
44.Ke3 Bxg2 45.h4 Bd5 46.Kd3 Rxa2 47.Nc5+ Ke7 48.Nxa6 Ra3+ 49.Kd2 Rh3 50.Nc7 Bf7
51.Nb5 Bc4 52.Rb7+  0-1

[Event "Pula zt"]
[Site "Pula"]
[Date "1975.??.??"]
[Round "?"]
[White "Hazai, Laszlo"]
[Black "Bukic, Enver"]
[Result "1/2-1/2"]
[WhiteElo "2420"]
[BlackElo "2455"]

1.e4 c5 2.Nf3 d6 3.Bb5+ Bd7 4.Bxd7+ Nxd7 5.c4 Ngf6 6.Nc3 g6 7.d4 cxd4 8.Nxd4 Bg7
9.O-O O-O 10.Be3 a6 11.f3 Rc8 12.Qb3 Ne5 13.Qxb7 Nxc4 14.Bf2 Qb6 15.Qxb6 Nxb6
16.Rfd1 Rfe8 17.Kf1  1/2-1/2

[Event "Pula zt"]
[Site "Pula"]
[Date "1975.??.??"]
[Round "?"]
[White "Barle, Janez"]
[Black "Andersson, Ulf"]
[Result "1/2-1/2"]
[WhiteElo "2330"]
[BlackElo "2565"]

1.e4 c5 2.Nf3 d6 3.Bb5+ Bd7 4.Bxd7+ Qxd7 5.O-O e6 6.c4 Be7 7.d4 cxd4 8.Nxd4 Nf6
9.Nc3 O-O 10.b3 a6 11.Bb2 Rc8 12.Qe2 b6 13.Rad1 Qb7 14.f4 Nc6 15.Nxc6 Rxc6
16.e5 Ne8 17.Ne4 b5 18.exd6 Nxd6 19.Nxd6 Rxd6 20.Rxd6 Bxd6 21.Qg4 Bf8 22.f5 exf5
23.Rxf5 Rd8 24.Rg5 g6 25.Qe2 bxc4 26.Qe5 Rd1+ 27.Kf2 Rd2+ 28.Kf1 f6 29.Qxf6 Qf7
30.Qxf7+ Kxf7 31.Bc3 Rxa2 32.bxc4 Rc2 33.Rg3 Bd6 34.Rf3+ Ke6 35.h3 h5 36.g4 hxg4
37.hxg4 g5 38.Re3+ Kd7 39.Be5 Rxc4 40.Bxd6 Kxd6 41.Ra3  1/2-1/2

[Event "URS-chT"]
[Site "Riga"]
[Date "1975.??.??"]
[Round "?"]
[White "Giorgadze, Tamaz"]
[Black "Balashov, Yuri S"]
[Result "1/2-1/2"]
[WhiteElo "2440"]
[BlackElo "2540"]

1.e4 c5 2.Nf3 d6 3.Bb5+ Bd7 4.Bxd7+ Qxd7 5.c4 Nc6 6.d4 cxd4 7.Nxd4 Nf6 8.Nc3 Qg4
9.O-O Qxd1 10.Rxd1 Nxd4 11.Rxd4 Rc8 12.b3 g6 13.Rd3 Bg7 14.f3 Nd7 15.Bb2 a6
16.Rc1 Nc5 17.Rdd1 Rg8 18.Kf1 g5 19.Rc2 Bxc3 20.Bxc3 f6 21.Bd4 Kf7 22.Be3 Rc6
23.Rd5 Rgc8 24.Bxc5 Rxc5 25.Rxc5 Rxc5 26.b4 Rc6 27.Ke2 a5 28.a3 axb4 29.axb4 Ke6
30.Kd3 Ra6  1/2-1/2

[Event "URS-chT"]
[Site "Riga"]
[Date "1975.??.??"]
[Round "?"]
[White "Gojhman, A."]
[Black "Tsamriuk, Alexander"]
[Result "1/2-1/2"]
[WhiteElo "2200"]
[BlackElo "2200"]

1.e4 c5 2.Nf3 d6 3.Bb5+ Bd7 4.Bxd7+ Qxd7 5.c4 Nc6 6.d4 cxd4 7.Nxd4 Nf6 8.Nc3 g6
9.f3 Bg7 10.Be3 O-O 11.O-O e6 12.Rf2 Ne5 13.b3 d5 14.Rd2 dxe4 15.Nf5 Qc7
16.Nxg7 Kxg7 17.Nxe4 Nxe4 18.fxe4 Rad8 19.h3 f6 20.Qe2 a6 21.Rad1 Nc6 22.Rf1 Ne5
23.Rfd1 Nc6 24.Rf1 Ne5 25.Rfd1 Nc6  1/2-1/2

[Event "URS-chT"]
[Site "Riga"]
[Date "1975.??.??"]
[Round "?"]
[White "Husenov, U."]
[Black "Katalymov, Boris N"]
[Result "0-1"]
[WhiteElo "2200"]
[BlackElo "2410"]

1.e4 c5 2.Nf3 d6 3.Bb5+ Nd7 4.O-O a6 5.Bxd7+ Bxd7 6.d4 cxd4 7.Qxd4 Rc8 8.Nc3 e5
9.Qd3 h6 10.a4 Nf6 11.a5 Be7 12.Be3 O-O 13.Bb6 Qe8 14.Rfd1 Be6 15.Ne1 g6
16.Qd2 Kh7 17.f4 Rc4 18.Qe3 Ng4 19.Qf3 f5 20.exf5 Rxf4 21.Qxb7 Bc8 22.Qc7 R4xf5
23.Nf3 R8f7 24.Ne4 Bf8 25.Nxd6 Bxd6 26.Qxd6 Bb7 27.h3 Bxf3 28.gxf3 Nf6 29.Ra3 Qc8
30.Rc3 Rg5+ 31.Kh2 Qf5 32.Qb4 Rh5 33.f4 Ne4 34.Rf3 Ng5 35.Rdf1 Rxh3+ 36.Rxh3 Qxh3+
37.Kg1 Qg3+ 38.Kh1 Nf3 39.Rxf3 Qxf3+ 40.Kg1 Qd1+ 41.Kg2 Qxc2+ 42.Bf2 Qc6+  0-1

[Event "URS-chT"]
[Site "Riga"]
[Date "1975.??.??"]
[Round "?"]
[White "Kudriashov, Anatoli"]
[Black "Polugaevsky, Lev"]
[Result "1/2-1/2"]
[WhiteElo "2380"]
[BlackElo "2645"]

1.e4 c5 2.Nf3 d6 3.Bb5+ Nd7 4.O-O Nf6 5.Re1 e6 6.d4 cxd4 7.Qxd4 Be7 8.Nc3 O-O
9.Bg5 Qc7 10.Rad1 Rd8 11.h3 a6 12.Bf1 b5 13.a4 bxa4 14.Qxa4 Bb7 15.Ra1 h6
16.Bf4 Nc5 17.Qc4 Rac8 18.e5 Ne8 19.Qe2 dxe5 20.Nxe5 Bd6 21.Bc1 Nf6 22.Ng4 Nfe4
23.Nd1 f5 24.Nge3 Bh2+ 25.Kh1 Rd4 26.Nc4 Bf4 27.Bxf4 Qxf4 28.Qe3 Qxe3 29.fxe3 Rdd8
30.Kg1 Nd2 31.Be2 Nxc4 32.Bxc4 Rd2 33.Re2 Rcd8 34.Nc3 Rxe2 35.Nxe2 Rd2 36.Ra5 Ne4
37.Bxe6+ Kh8 38.Bc4 Rxc2 39.Bd3 Rd2 40.Ra3 Nc5 41.Bc4 Rxb2 42.Ra5 Nd7 43.Rxf5 Rb1+
44.Kh2 Rb4 45.Be6 g6 46.Ra5 Nf6 47.Nf4 g5 48.Nd3 Rb5 49.Ra2 Ne4 50.Bc4 Rb6
51.Ra5 Nd2 52.Ne5 Rf6 53.Kg1 Nxc4 54.Nxc4 Rc6 55.Ra4 Kg7 56.Kh2 Re6 57.Ra3 Bd5
58.Nd2 Kf6 59.Kg3 Rb6 60.Nf3 h5 61.Ra5 h4+ 62.Kh2 Bb7 63.Kg1 Rb1+ 64.Kf2 Rb5
65.Ra4 a5 66.e4 Rc5 67.Ke3 Bc6 68.Ra2 a4 69.Kd4 Ra5 70.Ra3 Ra8 71.Rc3 Bb5
72.Ra3 Rc8 73.Ra1 Rc2 74.Rb1 Bd7 75.Rb6+ Ke7 76.Rb7 Kd6 77.Ne5 Be6 78.Rb6+ Ke7
79.Ng6+ Kf7 80.Ne5+ Ke7 81.Ng6+ Kf7 82.Ne5+  1/2-1/2

[Event "URS-chT"]
[Site "Riga"]
[Date "1975.??.??"]
[Round "?"]
[White "Kudriashov, Anatoli"]
[Black "Ustinov, Georgy I"]
[Result "1-0"]
[WhiteElo "2380"]
[BlackElo "2370"]

1.e4 c5 2.Nf3 d6 3.Bb5+ Nc6 4.O-O a6 5.Bxc6+ bxc6 6.d3 g6 7.e5 d5 8.Nc3 h6
9.Na4 e6 10.b3 Qc7 11.c4 g5 12.Qe2 g4 13.Nd2 h5 14.Ba3 Qa5 15.f3 Nh6 16.Rf2 Nf5
17.fxg4 hxg4 18.Nf1 Rg8 19.Ng3 Nxg3 20.hxg3 Bb7 21.Qe3 d4 22.Qf4 Rg7 23.Qf6 Rh7
24.Qg5 Rg7 25.Qh4 Qc7 26.Re1 Kd7 27.Qh5 Re8 28.Rxf7+ Rxf7 29.Qxf7+ Kd8 30.Qxc7+ Kxc7
31.Re4 Bh6 32.Rxg4 Be3+ 33.Kh2 Rh8+ 34.Rh4 Rxh4+ 35.gxh4 Bf4+ 36.Kh3 Bc8
37.Nxc5 Bxe5 38.Ne4 Bf4 39.g3 Be3 40.Bd6+ Kd7 41.Be5 Ke7 42.g4 Bd7 43.h5 Be8
44.Kh4  1-0

[Event "URS-chT"]
[Site "Riga"]
[Date "1975.??.??"]
[Round "?"]
[White "Ustinov, Georgy I"]
[Black "Danov, Vladimir"]
[Result "0-1"]
[WhiteElo "2370"]
[BlackElo "2200"]

1.e4 c5 2.Nf3 d6 3.Bb5+ Bd7 4.Bxd7+ Qxd7 5.c4 Nc6 6.d4 cxd4 7.Nxd4 Nf6 8.Nc3 g6
9.O-O Bg7 10.Nc2 O-O 11.f3 Rac8 12.b3 a6 13.Bb2 Ne5 14.a4 Qc7 15.Kh1 e6 16.Ra2 Qb6
17.Nd4 Nfd7 18.a5 Qc7 19.f4 Nc6 20.Nxc6 Qxc6 21.Ne2 Qxe4 22.Bxg7 Kxg7 23.Qxd6 Nc5
24.Ng3 Qd3 25.Qxd3 Nxd3 26.Ne2 Rfd8 27.g3 Nb4 28.Ra4 Nc2 29.Ra2 Ne3 30.Re1 h5
31.Nc1 Nf5 32.Kg2 Rd4 33.h3 h4 34.g4 Ng3 35.Kf3 Rcd8 36.Re5 Rd1 37.Rc2 Rh1
38.b4 Rdd1 39.Ne2 Rxh3 40.Kg2 Rdh1 41.Kf2 R1h2+ 42.Ke1 Rg2 43.b5 Rhh2 44.bxa6 bxa6
45.c5 h3 46.c6 Nxe2 47.Rcxe2 Rxe2+ 48.Rxe2 Rxe2+ 49.Kxe2 h2 50.c7 h1=Q 51.c8=Q Qe4+
52.Kd1 Qd5+ 53.Ke2 Qxa5 54.Qc1 Qb5+ 55.Ke3 Qb6+ 56.Ke4 Qb4+ 57.Ke3 a5 58.Qa1+ Kg8  0-1

[Event "URS-chT"]
[Site "Riga"]
[Date "1975.??.??"]
[Round "?"]
[White "Ubilava, Elizbar"]
[Black "Hermlin, Aarne"]
[Result "1-0"]
[WhiteElo "2390"]
[BlackElo "2200"]

1.e4 c5 2.Nf3 d6 3.Bb5+ Bd7 4.Bxd7+ Nxd7 5.O-O Ngf6 6.d3 e6 7.a4 Be7 8.Nbd2 O-O
9.Re1 b6 10.Nc4 a6 11.e5 dxe5 12.Ncxe5 Nxe5 13.Nxe5 Nd5 14.b3 Bf6 15.Bb2 Bxe5
16.Rxe5 Qf6 17.Qd2 Rfd8 18.Rae1 a5 19.R1e4 Nb4 20.Qc1 Qe7 21.Rg5 f6 22.Rg3 Nc6
23.Qh6 e5 24.Reg4 g5 25.h4 Nd4 26.Bxd4 cxd4 27.hxg5 f5 28.Rh4 Qg7 29.Qe6+  1-0

[Event "URS-chT"]
[Site "Riga"]
[Date "1975.??.??"]
[Round "?"]
[White "Sammul, Mari"]
[Black "Matveeva, I."]
[Result "1-0"]
[WhiteElo "2215"]
[BlackElo "2040"]

1.e4 c5 2.Nf3 d6 3.Bb5+ Nd7 4.d4 cxd4 5.Qxd4 a6 6.Bxd7+ Bxd7 7.Nc3 e5 8.Qd3 Nf6
9.Bg5 Be6 10.O-O-O Rc8 11.Kb1 Bc4 12.Qe3 Qa5 13.Nd2 Be6 14.Bxf6 gxf6 15.Nb3 Qc7
16.Nd5 Bxd5 17.Rxd5 Qxc2+ 18.Ka1 Rc4 19.Re1 f5 20.exf5 Qxf5 21.Nd4 Qc8 22.Rxe5+ dxe5
23.Qxe5+ Kd7 24.Qd5+ Kc7 25.Qxc4+ Kb8 26.Qxf7 Bh6 27.a3 Bg5 28.Nf3 Rf8 29.Qxh7 Bf6
30.Qe4 Bg7 31.h4 Qc5 32.Qe7 Bxb2+ 33.Kxb2 Qxf2+ 34.Re2 Qb6+ 35.Qb4 Qf6+ 36.Qd4 Qf5
37.Qe5+  1-0

[Event "URS-chT"]
[Site "Riga"]
[Date "1975.??.??"]
[Round "?"]
[White "Sammul, Mari"]
[Black "Agababian, Naira"]
[Result "1/2-1/2"]
[WhiteElo "2215"]
[BlackElo "2000"]

1.e4 c5 2.Nf3 d6 3.Bb5+ Bd7 4.Bxd7+ Qxd7 5.O-O Nc6 6.c4 g6 7.d4 cxd4 8.Nxd4 Bg7
9.Be3 Nf6 10.f3 O-O 11.Nc3 Ne8 12.Qd2 Nc7 13.Nde2 Ne5 14.b3 b5 15.cxb5 Nxb5
16.Rac1 a5 17.Na4 Qb7 18.Rfd1 f5 19.Qd5+ Qxd5 20.Rxd5 Na3 21.Nb6 Ra6 22.Nc8 Re8
23.exf5 gxf5 24.Nd4 Nd3 25.Rc7 f4 26.Nf5 Nb4 27.Nfxe7+ Kh8 28.Bd4 Bxd4+ 29.Rxd4 Nb5
30.Rdc4 Nxc7 31.Rxc7 d5 32.g3 fxg3 33.hxg3 Re6 34.Rd7 d4 35.Rxd4 R6xe7 36.Nxe7 Rxe7
37.a3 Nc2 38.Rc4 Nxa3 39.Ra4 Nc2 40.Rxa5 Nd4 41.f4 Nxb3 42.Rd5 Re3 43.Kf2 Rc3
44.Rd8+ Kg7 45.Rd7+ Kg6 46.g4 Nc5 47.f5+ Kg5 48.Rxh7 Kf4 49.Ke2 Ne4 50.Rh8 Ra3
51.Rh7 Nf6 52.Rb7 Nxg4 53.Rb4+ Kxf5 54.Rb8 Ne5 55.Rb5 Ke4 56.Rb4+ Kd5  1/2-1/2

[Event "URS-chT"]
[Site "Riga"]
[Date "1975.??.??"]
[Round "?"]
[White "Nei, Iivo"]
[Black "Mukhin, Mikhail A"]
[Result "1/2-1/2"]
[WhiteElo "2495"]
[BlackElo "2465"]

1.e4 c5 2.Nf3 d6 3.Bb5+ Bd7 4.Bxd7+ Qxd7 5.c4 g6 6.Nc3 Bg7 7.d4 cxd4 8.Nxd4 Nc6
9.Be3 Nf6 10.f3 O-O 11.O-O Rfc8 12.b3 b6 13.Qd2 Qb7 14.Rae1 a6 15.Nxc6 Rxc6
16.a4 Nd7 17.Nd5 Nc5 18.Rb1 Re8 19.Rfc1 Nd7 20.Bg5 Nc5 21.Be3 Rcc8 22.Bd4 Bxd4+
23.Qxd4 Nd7 24.Rd1 Qc6 25.Nb4 Qc5 26.Nd5 Qxd4+ 27.Rxd4 f6 28.Rd2 Kf7 29.Kf2 Rc5
30.Ra1 Rb8 31.Ke2 Rcc8 32.Rb2 Rb7 33.Ke3 Nc5 34.Nc3 Nd7 35.Nd5 Ne5 36.f4 Nc6
37.Rc1 Na5 38.Rcc2 Nc6 39.g3 Rg8 40.b4 Ra8 41.Rc1 Nb8 42.e5  1/2-1/2

[Event "SWE-ch"]
[Site "?"]
[Date "1975.??.??"]
[Round "?"]
[White "Kaiszauri, Konstanty"]
[Black "Svensson, Gert"]
[Result "1-0"]
[WhiteElo "2345"]
[BlackElo "2200"]

1.e4 c5 2.Nf3 d6 3.Bb5+ Bd7 4.Bxd7+ Qxd7 5.c4 Nc6 6.O-O g6 7.d4 cxd4 8.Nxd4 Bg7
9.Be3 Nf6 10.f3 O-O 11.Nc3 Rac8 12.Nde2 Qd8 13.Qd2 Qa5 14.Rfd1 Rfd8 15.Nf4 Qb4
16.b3 Ng4 17.Nfd5 Bxc3 18.Nxc3 Nxe3 19.Qxe3 Qc5 20.Kf2 Kg7 21.Rd2 a6 22.Rad1 Nb4
23.Qxc5 Rxc5 24.Na4 Ra5 25.a3 Nc6 26.c5 Rc8 27.cxd6 exd6 28.Nb6 Rd8 29.Nc4 Rc5
30.Nxd6 Rc3 31.Rd3 Rxd3 32.Rxd3 Ne5 33.Nf5+ Kf6 34.Rxd8 gxf5 35.Rd6+ Kg5
36.exf5 Kxf5 37.Rb6 Nd3+ 38.Kg3  1-0

[Event "Vilnius zt"]
[Site "Vilnius"]
[Date "1975.??.??"]
[Round "5"]
[White "Romanishin, Oleg M"]
[Black "Savon, Vladimir A"]
[Result "0-1"]
[WhiteElo "2290"]
[BlackElo "2575"]

1.e4 c5 2.Nf3 d6 3.Bb5+ Bd7 4.c4 Nf6 5.Nc3 Bxb5 6.cxb5 g6 7.d4 cxd4 8.Nxd4 Bg7
9.O-O O-O 10.Be3 Nbd7 11.f4 Rc8 12.Qe2 Nc5 13.Bf2 d5 14.e5 Nfe4 15.Nxe4 Nxe4
16.Be3 e6 17.Nb3 f6 18.exf6 Qxf6 19.Bd4 Qh4 20.Bxg7 Kxg7 21.Qe3 Qf6 22.Qxa7 Rc2
23.Qxb7+ Kh6 24.Rf3 Rf7 25.Qb6 Qxb2 26.Rh3+ Kg7 27.Qd4+ e5 28.Qxb2 Rxb2 29.Nc1 exf4
30.Rb3 Rc2 31.b6 Nc5 32.Rb5 Re7 33.Kf1 d4 34.a4 d3 35.a5 d2 36.Ne2 d1=Q+
37.Rxd1 Rexe2 38.Rxc5 Rf2+ 39.Kg1 Rxg2+ 40.Kf1 Rgf2+ 41.Kg1 Rg2+  0-1

[Event "Vilnius zt"]
[Site "Vilnius"]
[Date "1975.??.??"]
[Round "9"]
[White "Dvorietzky, Mark I"]
[Black "Savon, Vladimir A"]
[Result "1/2-1/2"]
[WhiteElo "2495"]
[BlackElo "2575"]

1.e4 c5 2.Nf3 d6 3.Bb5+ Bd7 4.Bxd7+ Qxd7 5.O-O Nc6 6.c3 d5 7.exd5 Qxd5 8.d4 e6
9.Be3 cxd4 10.Nxd4 Nxd4 11.Bxd4 Ne7 12.Qb3 Qc6 13.Nd2 Nf5 14.Nc4 Bd6 15.Be5 O-O
16.Nxd6  1/2-1/2

[Event "Vilnius zt"]
[Site "Vilnius"]
[Date "1975.??.??"]
[Round "15"]
[White "Vasiukov, Evgeni"]
[Black "Beliavsky, Alexander G"]
[Result "1-0"]
[WhiteElo "2560"]
[BlackElo "2500"]

1.e4 c5 2.Nf3 d6 3.Bb5+ Nd7 4.d4 cxd4 5.Qxd4 Nf6 6.Bg5 e6 7.Nc3 Be7 8.e5 dxe5
9.Nxe5 h6 10.Bxf6 Bxf6 11.O-O-O O-O 12.Bxd7 Bxd7 13.Ne4 Bxe5 14.Qxe5 Qe7
15.Qc7 Qb4 16.Nf6+ gxf6 17.Rxd7 Rac8 18.Qg3+ Kh8 19.Rhd1 Qe4 20.c3 b5 21.R7d4 Qf5
22.Qe3 Kh7 23.Rf4 Qg5 24.h4 Qg6 25.Qf3 f5 26.g4 Rfd8 27.gxf5 Rxd1+ 28.Kxd1 exf5
29.Rxf5 Rc7 30.h5 Qe6 31.Rxb5 Rd7+ 32.Kc2 Kg7 33.Qg3+ Kh7 34.Qe5 Qc6 35.Qf5+ Kg7
36.Qg4+ Kf6 37.Rf5+ Ke7 38.Qb4+ Ke6 39.Qf4 Ke7  1-0

[Event "Hoogovens-B"]
[Site "Wijk aan Zee"]
[Date "1975.??.??"]
[Round "3"]
[White "Dvorietzky, Mark I"]
[Black "Weinstein, Norman"]
[Result "1-0"]
[WhiteElo "2495"]
[BlackElo "2465"]

1.e4 c5 2.Nf3 d6 3.Bb5+ Bd7 4.Bxd7+ Qxd7 5.O-O Nf6 6.e5 dxe5 7.Nxe5 Qc8 8.d4 e6
9.Bg5 Be7 10.Nc3 O-O 11.Ne4 Nxe4 12.Bxe7 Re8 13.Bh4 f6 14.Qg4 fxe5 15.dxe5 Qc6
16.Rfe1 Nxf2 17.Bxf2 Nd7 18.Rad1 Nf8 19.Qc4 Ng6 20.Rd6 Nxe5 21.Qxc5 Qxc5
22.Bxc5 Nc4 23.Rdxe6 Rxe6 24.Rxe6 Rc8 25.Bd4 Kf7 26.Re2 a6 27.Kf2 Nd6 28.g4 Nb5
29.Be5 Rc4 30.h3 Nd4 31.b3 Nxe2 32.bxc4 Nc1 33.a3 b5 34.cxb5 axb5 35.Ke3 Na2
36.Bb2 g6 37.Kd4  1-0